000 00340 a2200157 4500
001 56785
020 _a9788508121564
040 _cAnchieta - Pituba
100 _aHarrar, George
240 1 0 _aDizem que sou louco
_lpor
245 1 0 _aDizem que sou louco
300 _a200
362 0 _a2009
650 4 _aLiteratura juvenil
942 _cBK
999 _c56785
_d56785